000 00825nam a22002417a 4500
005 20260506145432.0
010 _aENG-140782 ENG-148368
020 _a9789393662071
_c150.00
035 _aEN-124314
035 _aEN-131900
037 _bDBAD
082 _a005.3
_21
100 _aChatterjee, Sushmita
_969126
245 _aBasic Dat Analysis Using R-Progaramming/
_cBy Sushmita Chatterjee; Sumona Datta [and] J.K Das
250 _a1
260 _aKolkata
_bAcademic publishers
_c2022
270 _a5A Bhawani Dutta Lane
_bKolkata
_e700073
_mcontact@academicpublishers.in
300 _a98p.
_c24cm(pbk)
500 _aUG Courses Economics Statistics Skill Enhancement Course etc
700 _aDatta, Sumona
_eAuthor
_969127
700 _aDas, J.K
_eAuthor
_969128
942 _2ddc
_cEN
_h005.3
_mCHA
_e1
999 _c204662
_d204662